[Event "Stay Safe Play From Home 283"]
[Site "Emanuel Lasker Arena"]
[Date "2020.07.07"]
[Round "4"]
[White "Sfantul321"]
[Black "Lazieri3"]
[Result "1/2-1/2"]
[WhiteElo "1993"]
[BlackElo "2102"]
[Annotator "NA"]
[PlyCount "84"]
[EventDate "2020.07.07"]
[EventType "swiss (blitz)"]

1. c4 {[%emt 0:00:00]} c6 {[%emt 0:00:00]} 2. Nc3 {[%emt 0:00:00]} d5 {[%emt 0:00:00]} 3. cxd5 {[%emt 0:00:01]} cxd5 {[%emt 0:00:01]} 4. d4 {[%emt 0:00:00]} Nc6 {[%emt 0:00:00]} 5. Nf3 {[%emt 0:00:01]} Nf6 {[%emt 0:00:00]} 6. Bg5 {[%emt 0:00:01]} Bf5 {[%emt 0:00:00]} 7. e3 {[%emt 0:00:01]} e6 {[%emt 0:00:01]} 8. Bd3 {[%emt 0:00:01]} Bxd3 {[%emt 0:00:01]} 9. Qxd3 {[%emt 0:00:01]} Be7 {[%emt 0:00:00]} 10. a3 {[%emt 0:00:01]} h6 {[%emt 0:00:00]} 11. Bf4 {[%emt 0:00:01]} O-O {[%emt 0:00:01]} 12. h3 {[%emt 0:00:01]} Bd6 {[%emt 0:00:01]} 13. Bxd6 {[%emt 0:00:02]} Qxd6 {[%emt 0:00:00]} 14. O-O {[%emt 0:00:00]} a6 {[%emt 0:00:01]} 15. b4 {[%emt 0:00:01]} Rac8 {[%emt 0:00:01]} 16. Rac1 {[%emt 0:00:01]} Rfd8 {[%emt 0:00:01]} 17. Na4 {[%emt 0:00:01]} e5 {[%emt 0:00:01]} 18. dxe5 {[%emt 0:00:02]} Nxe5 {[%emt 0:00:00]} 19. Nxe5 {[%emt 0:00:01]} Qxe5 {[%emt 0:00:01]} 20. Nc5 {[%emt 0:00:00]} Qe7 {[%emt 0:00:02]} 21. Rfd1 {[%emt 0:00:02]} Ne4 {[%emt 0:00:01]} 22. Nxe4 {[%emt 0:00:03]} dxe4 {[%emt 0:00:00]} 23. Qb3 {[%emt 0:00:03]} Rxc1 {[%emt 0:00:03]} 24. Rxc1 {[%emt 0:00:01]} Qd6 {[%emt 0:00:03]} 25. Qc4 {[%emt 0:00:02]} Qd3 {[%emt 0:00:02]} 26. Qc7 {[%emt 0:00:01]} Qd2 {[%emt 0:00:03]} 27. Rc2 {[%emt 0:00:02]} Qd1+ {[%emt 0:00:01]} 28. Kh2 {[%emt 0:00:01]} Qd6+ {[%emt 0:00:01]} 29. Qxd6 {[%emt 0:00:00]} Rxd6 {[%emt 0:00:00]} 30. Rc8+ {[%emt 0:00:01]} Kh7 {[%emt 0:00:01]} 31. Rc7 {[%emt 0:00:00]} Rd3 {[%emt 0:00:01]} 32. Rxb7 {[%emt 0:00:01]} Rxa3 {[%emt 0:00:00]} 33. Rxf7 {[%emt 0:00:01]} Ra4 {[%emt 0:00:01]} 34. Rb7 {[%emt 0:00:01]} Ra2 {[%emt 0:00:01]} 35. Kg3 {[%emt 0:00:01]} Rb2 {[%emt 0:00:03]} 36. Ra7 {[%emt 0:00:02]} Rxb4 {[%emt 0:00:02]} 37. Rxa6 {[%emt 0:00:00]} g5 {[%emt 0:00:01]} 38. Re6 {[%emt 0:00:02]} Ra4 {[%emt 0:00:01]} 39. Kg4 {[%emt 0:00:01]} Ra2 {[%emt 0:00:03]} 40. Kg3 {[%emt 0:00:01]} Ra4 {[%emt 0:00:01]} 41. Kg4 {[%emt 0:00:01]} Ra2 {[%emt 0:00:01]} 42. Kg3 {[%emt 0:00:00]} Ra4 {[%emt 0:00:01] (Lag: Av=0.63s, max=1.5s)} 1/2-1/2

[Event "Stay Safe Play From Home 283"]
[Site "Emanuel Lasker Arena"]
[Date "2020.07.07"]
[Round "4"]
[White "Haris kollari 13"]
[Black "Haxhi Baha"]
[Result "0-1"]
[WhiteElo "1760"]
[BlackElo "2016"]
[Annotator "NA"]
[PlyCount "68"]
[EventDate "2020.07.07"]
[EventType "swiss (blitz)"]

1. e4 {[%emt 0:00:01]} e6 {[%emt 0:00:01]} 2. e5 {[%emt 0:00:01]} d5 {[%emt 0:00:00]} 3. f4 {[%emt 0:00:01]} c5 {[%emt 0:00:01]} 4. g4 {[%emt 0:00:01]} d4 {[%emt 0:00:00]} 5. Bg2 {[%emt 0:00:01]} h5 {[%emt 0:00:01]} 6. g5 {[%emt 0:00:02]} Nc6 {[%emt 0:00:01]} 7. h4 {[%emt 0:00:01]} g6 {[%emt 0:00:01]} 8. d3 {[%emt 0:00:01]} Nge7 {[%emt 0:00:00]} 9. Nd2 {[%emt 0:00:02]} Nf5 {[%emt 0:00:00]} 10. Ne4 {[%emt 0:00:02]} Be7 {[%emt 0:00:01]} 11. Bh3 {[%emt 0:00:01]} Qb6 {[%emt 0:00:02]} 12. Bxf5 {[%emt 0:00:02]} exf5 {[%emt 0:00:00]} 13. Nf6+ {[%emt 0:00:00]} Bxf6 {[%emt 0:00:01]} 14. exf6 {[%emt 0:00:01]} O-O {[%emt 0:00:00]} 15. Nf3 {[%emt 0:00:02]} Re8+ {[%emt 0:00:01]} 16. Kf2 {[%emt 0:00:01]} c4 {[%emt 0:00:01]} 17. Qe1 {[%emt 0:00:05]} Rxe1 {[%emt 0:00:02]} 18. Rxe1 {[%emt 0:00:01]} Be6 {[%emt 0:00:01]} 19. Re2 {[%emt 0:00:05]} cxd3 {[%emt 0:00:01]} 20. cxd3 {[%emt 0:00:01]} Qa6 {[%emt 0:00:01]} 21. Ne1 {[%emt 0:00:04]} Nb4 {[%emt 0:00:01]} 22. Rd2 {[%emt 0:00:05]} Rc8 {[%emt 0:00:02]} 23. a3 {[%emt 0:00:01]} Nd5 {[%emt 0:00:01]} 24. Re2 {[%emt 0:00:02]} Ne3 {[%emt 0:00:03]} 25. Bxe3 {[%emt 0:00:01]} dxe3+ {[%emt 0:00:00]} 26. Kxe3 {[%emt 0:00:00]} Qb6+ {[%emt 0:00:01]} 27. Kd2 {[%emt 0:00:02]} Qxb2+ {[%emt 0:00:02]} 28. Ke3 {[%emt 0:00:01]} Qxa1 {[%emt 0:00:03]} 29. Nf3 {[%emt 0:00:00]} Rc1 {[%emt 0:00:03]} 30. Nd4 {[%emt 0:00:02]} Bd5 {[%emt 0:00:01]} 31. Nb5 {[%emt 0:00:05]} Rh1 {[%emt 0:00:04]} 32. d4 {[%emt 0:00:03]} Rh3+ {[%emt 0:00:01]} 33. Kd2 {[%emt 0:00:00]} Qb2+ {[%emt 0:00:01]} 34. Kd1 {[%emt 0:00:02]} Rh1+ {[%emt 0:00:01] Haris kollari 13 resigns (Lag: Av=0.86s, max=1.6s)} 0-1

[Event "Stay Safe Play From Home 283"]
[Site "Emanuel Lasker Arena"]
[Date "2020.07.07"]
[Round "4"]
[White "Robk"]
[Black "Klasman"]
[Result "0-1"]
[WhiteElo "1549"]
[BlackElo "1411"]
[Annotator "NA"]
[PlyCount "34"]
[EventDate "2020.07.07"]
[EventType "swiss (blitz)"]

1. e4 {[%emt 0:00:05]} f5 {[%emt 0:00:01]} 2. e5 {[%emt 0:00:01]} d6 {[%emt 0:00:02]} 3. exd6 {[%emt 0:00:02]} cxd6 {[%emt 0:00:01]} 4. Nf3 {[%emt 0:00:01]} e5 {[%emt 0:00:01]} 5. d4 {[%emt 0:00:01]} e4 {[%emt 0:00:01]} 6. Ng1 {[%emt 0:00:04]} d5 {[%emt 0:00:02]} 7. c4 {[%emt 0:00:01]} Be6 {[%emt 0:00:03]} 8. cxd5 {[%emt 0:00:02]} Bxd5 {[%emt 0:00:02]} 9. Nc3 {[%emt 0:00:00]} Nf6 {[%emt 0:00:03]} 10. Nxd5 {[%emt 0:00:03]} Nxd5 {[%emt 0:00:02]} 11. Ne2 {[%emt 0:00:00]} Bb4+ {[%emt 0:00:03]} 12. Nc3 {[%emt 0:00:01]} Nxc3 {[%emt 0:00:03]} 13. Qb3 {[%emt 0:00:08]} Nd5+ {[%emt 0:00:06]} 14. Bd2 {[%emt 0:00:09]} Bxd2+ {[%emt 0:00:01]} 15. Kxd2 {[%emt 0:00:00]} Qa5+ {[%emt 0:00:01]} 16. Kd1 {[%emt 0:00:06]} Nc6 {[%emt 0:00:02]} 17. Bc4 {[%emt 0:00:03]} Nxd4 {[%emt 0:00:07] Time (Lag: Av=0.57s, max=0.7s)} 0-1

[Event "Stay Safe Play From Home 283"]
[Site "Emanuel Lasker Arena"]
[Date "2020.07.07"]
[Round "5"]
[White "Jhhonnyy"]
[Black "Weltszmerc"]
[Result "1-0"]
[WhiteElo "2318"]
[BlackElo "2162"]
[PlyCount "91"]
[EventDate "2020.07.07"]
[EventType "swiss (blitz)"]

1. d4 {[%emt 0:00:01]} Nf6 {[%emt 0:00:00]} 2. c4 {[%emt 0:00:00]} b6 {[%emt 0:00:00]} 3. g3 {[%emt 0:00:02]} Bb7 {[%emt 0:00:00]} 4. Nf3 {[%emt 0:00:01]} e6 {[%emt 0:00:00]} 5. Bg2 {[%emt 0:00:00]} Be7 {[%emt 0:00:00]} 6. O-O {[%emt 0:00:01]} O-O {[%emt 0:00:00]} 7. Nc3 {[%emt 0:00:00]} Ne4 {[%emt 0:00:00]} 8. d5 {[%emt 0:00:03]} Nxc3 {[%emt 0:00:03]} 9. bxc3 {[%emt 0:00:00]} exd5 {[%emt 0:00:00]} 10. cxd5 {[%emt 0:00:01]} Bf6 {[%emt 0:00:00]} 11. Nd4 {[%emt 0:00:01]} d6 {[%emt 0:00:01]} 12. a4 {[%emt 0:00:01]} a5 {[%emt 0:00:02]} 13. Rb1 {[%emt 0:00:03]} Re8 {[%emt 0:00:02]} 14. Re1 {[%emt 0:00:01]} g6 {[%emt 0:00:01]} 15. h3 {[%emt 0:00:01]} Nd7 {[%emt 0:00:01]} 16. Kh2 {[%emt 0:00:01]} Nc5 {[%emt 0:00:02]} 17. e4 {[%emt 0:00:02]} Qd7 {[%emt 0:00:03]} 18. f4 {[%emt 0:00:01]} Qxa4 {[%emt 0:00:02]} 19. Qg4 {[%emt 0:00:02]} h5 {[%emt 0:00:02]} 20. Qf3 {[%emt 0:00:02]} Ba6 {[%emt 0:00:07]} 21. f5 {[%emt 0:00:02]} Be5 {[%emt 0:00:06]} 22. Bf4 {[%emt 0:00:03]} Nd3 {[%emt 0:00:04]} 23. Red1 {[%emt 0:00:07]} Nc5 {[%emt 0:00:05]} 24. Nc6 {[%emt 0:00:01]} Bxf4 {[%emt 0:00:05]} 25. Qxf4 {[%emt 0:00:01]} Nxe4 {[%emt 0:00:02]} 26. fxg6 {[%emt 0:00:05]} fxg6 {[%emt 0:00:01]} 27. Nd4 {[%emt 0:00:02]} Rf8 {[%emt 0:00:03]} 28. Qxe4 {[%emt 0:00:01]} Qd7 {[%emt 0:00:02]} 29. Qxg6+ {[%emt 0:00:01]} Qg7 {[%emt 0:00:00]} 30. Qxg7+ {[%emt 0:00:01]} Kxg7 {[%emt 0:00:00]} 31. Ne6+ {[%emt 0:00:00]} Kg6 {[%emt 0:00:00]} 32. Nxf8+ {[%emt 0:00:00]} Rxf8 {[%emt 0:00:01]} 33. Be4+ {[%emt 0:00:00]} Kg5 {[%emt 0:00:01]} 34. Bd3 {[%emt 0:00:00]} Bxd3 {[%emt 0:00:02]} 35. Rxd3 {[%emt 0:00:00]} Rf2+ {[%emt 0:00:00]} 36. Kg1 {[%emt 0:00:00]} Rc2 {[%emt 0:00:00]} 37. Re1 {[%emt 0:00:01]} h4 {[%emt 0:00:00]} 38. gxh4+ {[%emt 0:00:01]} Kf6 {[%emt 0:00:00]} 39. Rf1+ {[%emt 0:00:01]} Kg6 {[%emt 0:00:00]} 40. Rf2 {[%emt 0:00:00]} Kh5 {[%emt 0:00:00]} 41. Rxc2 {[%emt 0:00:01]} Kxh4 {[%emt 0:00:00]} 42. Rg2 {[%emt 0:00:01]} a4 {[%emt 0:00:00]} 43. Rd4+ {[%emt 0:00:01]} Kh5 {[%emt 0:00:01]} 44. Rxa4 {[%emt 0:00:00]} b5 {[%emt 0:00:00]} 45. Rb4 {[%emt 0:00:01]} c6 {[%emt 0:00:00]} 46. dxc6 {[%emt 0:00:01] (Lag: Av=0.80s, max=2.1s)} 1-0

[Event "Stay Safe Play From Home 283"]
[Site "Emanuel Lasker Arena"]
[Date "2020.07.07"]
[Round "5"]
[White "Lamborghini"]
[Black "Sfantul321"]
[Result "1-0"]
[WhiteElo "2244"]
[BlackElo "1999"]
[Annotator "NA"]
[PlyCount "51"]
[EventDate "2020.07.07"]
[EventType "swiss (blitz)"]

1. e4 {[%emt 0:00:02]} g6 {[%emt 0:00:00]} 2. d4 {[%emt 0:00:01]} Bg7 {[%emt 0:00:00]} 3. Nc3 {[%emt 0:00:01]} d6 {[%emt 0:00:00]} 4. Be3 {[%emt 0:00:01]} Nf6 {[%emt 0:00:00]} 5. f3 {[%emt 0:00:01]} Kf8 {[%emt 0:00:00]} 6. Qd2 {[%emt 0:00:01]} h6 {[%emt 0:00:02]} 7. O-O-O {[%emt 0:00:02]} Nc6 {[%emt 0:00:01]} 8. Kb1 {[%emt 0:00:01]} e5 {[%emt 0:00:01]} 9. Nge2 {[%emt 0:00:02]} exd4 {[%emt 0:00:01]} 10. Nxd4 {[%emt 0:00:01]} Nxd4 {[%emt 0:00:00]} 11. Bxd4 {[%emt 0:00:01]} Ne8 {[%emt 0:00:02]} 12. g4 {[%emt 0:00:01]} Bxd4 {[%emt 0:00:03]} 13. Qxd4 {[%emt 0:00:01]} Qf6 {[%emt 0:00:01]} 14. Qe3 {[%emt 0:00:01]} Kg7 {[%emt 0:00:01]} 15. Nd5 {[%emt 0:00:02]} Qd8 {[%emt 0:00:01]} 16. Qc3+ {[%emt 0:00:02]} f6 {[%emt 0:00:01]} 17. h4 {[%emt 0:00:02]} c6 {[%emt 0:00:01]} 18. Ne3 {[%emt 0:00:01]} Qe7 {[%emt 0:00:02]} 19. Bc4 {[%emt 0:00:03]} Qe5 {[%emt 0:00:02]} 20. Qd2 {[%emt 0:00:03]} b5 {[%emt 0:00:02]} 21. Bb3 {[%emt 0:00:01]} a5 {[%emt 0:00:01]} 22. f4 {[%emt 0:00:01]} Qxf4 {[%emt 0:00:02]} 23. Nf5+ {[%emt 0:00:01]} Kh7 {[%emt 0:00:09]} 24. Qxf4 {[%emt 0:00:02]} gxf5 {[%emt 0:00:00]} 25. gxf5 {[%emt 0:00:01]} a4 {[%emt 0:00:02]} 26. Qg4 {[%emt 0:00:02] Sfantul321 resigns (Lag: Av=0.39s, max=3.1s)} 1-0

[Event "Stay Safe Play From Home 283"]
[Site "Emanuel Lasker Arena"]
[Date "2020.07.07"]
[Round "5"]
[White "Toosieslide"]
[Black "Mepe_Nika"]
[Result "0-1"]
[WhiteElo "2211"]
[BlackElo "2384"]
[Annotator "TA"]
[PlyCount "112"]
[EventDate "2020.07.07"]
[EventType "swiss (blitz)"]

{[%evp 19,112,-44,-46,-29,-40,-63,-56,-62,-56,-41,-50,-54,-54,-81,-80,-77,-61,-70,-58,-76,0,-39,-34,-75,0,0,0,-29,71,-115,-110,-93,-102,-133,-125,-119,-118,-175,-167,-304,-318,-956,-952,-883,-912,-898,-865,-811,-789,-1212,-1192,-5377,-5377,-2233,-2233,-1899,-995,-995,-992,-979,-913,-1379,-1363,-5518,-1116,-5565,-1247,-1329,-1290,-1239,-1195,-1225,-1166,-1102,-903,-29986,-29987,-29987,-29984,-29984,-29985,-29985,-29986,-29987,-29987,-29989,-29990,-29990,-29991,-29991,-29992,-29993,-29991,-29993,-29992]} 1. d4 d5 2. c4 c6 3. Nc3 Nf6 4. Nf3 e6 5. g3 dxc4 6. a4 a5 7. Bg2 Nbd7 8. O-O Bb4 9. Nd2 Nb6 10. e3 O-O 11. Qe2 {[#] E01: Catalan: Early deviations.} Re8 $146 ({Predecessor:} 11... Nfd5 12. Ndb1 Be7 13. Nd2 Bb4 14. Ndb1 Be7 15. e4 Nb4 16. Be3 Nd3 17. b3 e5 18. d5 cxd5 19. Nxd5 Nxd5 20. exd5 {0-1 (49) Szopa,A (2064)-Guzik,J (2076) Poland 2002}) 12. Nxc4 Nxc4 13. Qxc4 {Black is slightly better.} e5 14. dxe5 Rxe5 15. Rd1 Qe7 16. Bd2 Be6 17. Qe2 Bg4 18. f3 Be6 $1 19. e4 Rh5 (19... Bb3 $17 20. Re1 Rd8) 20. h4 Rc5 21. Rac1 Rd8 ({Black should play} 21... Bb3 $17 22. Re1 Rc4) 22. Be3 $11 Rc4 23. Bf1 Bc5 (23... Rxd1 $11 24. Qxd1 Bc5 25. Bxc5 Qxc5+ 26. Kh1 Rd4) 24. Qf2 $2 {[#]} (24. Rxd8+ $16 {keeps the pressure on.} Qxd8 25. Bxc5 Rxc5 26. Qe3) 24... Bxe3 $17 {Black continues to play with concentration.} 25. Qxe3 Rb4 26. Qe2 h6 27. Rxd8+ Qxd8 28. Rd1 (28. Qf2 $17) 28... Qb6+ $19 29. Kh2 (29. Qf2 $142) 29... Bc4 ({Don't take} 29... Rxb2 30. Rd2 $19) 30. Qd2 $2 (30. Qe1 Bxf1 31. Qxf1) 30... Rxb2 31. Bxc4 Rxd2+ 32. Rxd2 Qe3 33. Rd8+ Kh7 34. Nd1 Qxf3 35. e5 Ng4+ {[%mdl 64] [#] Double Attack} 36. Kg1 Qxg3+ {[%mdl 64] Double Attack} 37. Kf1 Ne3+ 38. Nxe3 Qxe3 {[%mdl 4096] Endgame KQ-KRB} 39. Bd3+ g6 40. h5 Qf4+ 41. Ke1 Qxe5+ 42. Kd2 Qxh5 43. Kc2 Qg5 44. Rd7 Qg2+ 45. Kb3 Qf2 46. Rxb7 Qf6 47. Rxf7+ Qxf7+ {Black mates.} 48. Bc4 Kg7 49. Bxf7 Kxf7 {KP-KP} 50. Kc4 h5 51. Kc5 h4 52. Kxc6 h3 53. Kb6 h2 54. Kxa5 h1=Q 55. Kb5 Qb1+ 56. Kc6 g5 {Accuracy: White = 36%, Black = 73%.} 0-1

[Event "Stay Safe Play From Home 283"]
[Site "Emanuel Lasker Arena"]
[Date "2020.07.07"]
[Round "5"]
[White "Lazieri3"]
[Black "Broken sword"]
[Result "0-1"]
[WhiteElo "2097"]
[BlackElo "2447"]
[Annotator "TA"]
[PlyCount "76"]
[EventDate "2020.07.07"]
[EventType "swiss (blitz)"]

{[%evp 9,76,-22,-32,-56,-55,-58,-50,-58,-50,-72,-68,-68,-58,-61,-56,-60,-60,-137,-118,-107,-112,-120,-115,-141,-129,-120,-113,-126,-72,-81,-62,-95,418,-53,-46,-89,-79,-96,-75,-102,-112,-298,-307,-311,-215,-186,-50,-445,-435,-458,-6,-84,-106,-97,-81,-103,-112,-127,-99,-125,-95,-199,-113,-103,-50,-63,-14,-29994,-29989]} 1. e4 c5 2. Nc3 e6 3. d3 a6 4. Nf3 d5 5. Bg5 {[#]} f6 $146 ({Predecessor:} 5... Be7 6. Bxe7 Nxe7 7. d4 cxd4 8. Qxd4 O-O 9. exd5 exd5 10. Bd3 Nbc6 11. Qh4 Bf5 12. O-O-O Bxd3 13. Rxd3 {0-1 (58) Sana,M (2132)-Sheng,J (2236) Orlando 2014}) 6. Bh4 {B40: Sicilian: 2...e6, Unusual lines.} d4 7. Nb1 Nc6 8. c3 {Black is slightly better.} e5 9. cxd4 cxd4 10. Be2 Be6 11. O-O Bd6 12. Nbd2 Nge7 13. b3 (13. Bg3 $15) 13... g5 $17 14. Bg3 h5 {Strongly threatening ...h4.} 15. h3 Qd7 16. Nc4 Bc7 $1 17. Nfd2 g4 {White must now prevent ...h4.} 18. h4 f5 (18... b5 $142 19. Na3 Rg8) 19. exf5 Nxf5 20. Ne4 {Threatens to win with Nf6+.} Nxg3 $4 {[%mdl 8192]} (20... O-O-O $17) 21. fxg3 $2 (21. Nf6+ $18 Ke7 22. Nxd7 Nxe2+ 23. Qxe2 Kxd7 24. Rac1) 21... O-O-O $15 22. Nf6 Qe7 23. Ne4 Kb8 24. Qd2 Bd5 25. Rf2 $2 (25. a3 $17 {is a better defense.}) 25... Bxe4 $19 26. dxe4 b5 {And now ...d3 would win.} 27. Nb2 {[#]} Ba5 ({Black should play} 27... d3 $1 $19 {[%cal Rd3e2][%mdl 512]} 28. Bxd3 (28. Nxd3 Bb6) 28... Bb6) 28. Qc2 $2 {[%mdl 8192]} ({White should try} 28. Qc1 $15 Bc3 29. Rb1) 28... Nb4 $1 {[%cal Rb4c2]} 29. Qd1 {[#]} Rc8 $2 (29... d3 $1 $19 {[%mdl 512]} 30. Kh2 (30. Nxd3 Bb6) 30... dxe2 31. Qxe2 Bb6) 30. Nd3 (30. Bd3 $1 $11 {keeps the balance.}) 30... Nc2 $17 {...Ne3 is the strong threat.} 31. Rc1 Ne3 32. Rxc8+ Rxc8 33. Qb1 Rc2 34. Bf1 Rxf2 35. Kxf2 {[#]} (35. Nxf2 $17 Qb4 36. Nd3) 35... Qf6+ (35... Qb7 $1 $19 {[%cal Rb7e4]} 36. b4 Bc7) 36. Kg1 Bb6 (36... Qc6 $17 37. b4 Bc7) 37. Qc1 $15 Kb7 38. Qc2 $2 {[%mdl 8192]} (38. Be2 $11) 38... Nxc2 {Accuracy: White = 47%, Black = 55%.} 0-1

[Event "Stay Safe Play From Home 283"]
[Site "Emanuel Lasker Arena"]
[Date "2020.07.07"]
[Round "5"]
[White "Fischer_11"]
[Black "Klasman"]
[Result "1-0"]
[WhiteElo "2018"]
[BlackElo "1435"]
[Annotator "NA"]
[PlyCount "37"]
[EventDate "2020.07.07"]
[EventType "swiss (blitz)"]

1. e4 {[%emt 0:00:03]} f5 {[%emt 0:00:01]} 2. Nc3 {[%emt 0:00:01]} fxe4 {[%emt 0:00:03]} 3. Nxe4 {[%emt 0:00:00]} d5 {[%emt 0:00:03]} 4. Nc3 {[%emt 0:00:02]} Nf6 {[%emt 0:00:03]} 5. d4 {[%emt 0:00:00]} Nc6 {[%emt 0:00:02]} 6. Bd3 {[%emt 0:00:00]} Bg4 {[%emt 0:00:02]} 7. f3 {[%emt 0:00:03]} Bh5 {[%emt 0:00:02]} 8. Nge2 {[%emt 0:00:01]} e6 {[%emt 0:00:05]} 9. O-O {[%emt 0:00:00]} Bd6 {[%emt 0:00:02]} 10. Bf4 {[%emt 0:00:03]} Bxf4 {[%emt 0:00:03]} 11. Nxf4 {[%emt 0:00:00]} Nxd4 {[%emt 0:00:04]} 12. Nxh5 {[%emt 0:00:03]} Nxh5 {[%emt 0:00:02]} 13. Bg6+ {[%emt 0:00:02]} hxg6 {[%emt 0:00:04]} 14. Qxd4 {[%emt 0:00:00]} Qg5 {[%emt 0:00:08]} 15. f4 {[%emt 0:00:05]} Qh4 {[%emt 0:00:03]} 16. h3 {[%emt 0:00:07]} O-O-O {[%emt 0:00:04]} 17. Qxa7 {[%emt 0:00:02]} c6 {[%emt 0:00:03]} 18. Rae1 {[%emt 0:00:03]} Qf6 {[%emt 0:00:04]} 19. Na4 {[%emt 0:00:03] Time (Lag: Av=0.38s, max=0.5s)} 1-0

[Event "Stay Safe Play From Home 283"]
[Site "Emanuel Lasker Arena"]
[Date "2020.07.07"]
[Round "5"]
[White "Bardellosport"]
[Black "Haxhi Baha"]
[Result "0-1"]
[WhiteElo "1996"]
[BlackElo "2023"]
[PlyCount "58"]
[EventDate "2020.07.07"]
[EventType "swiss (blitz)"]

1. e4 {[%emt 0:00:01]} e6 {[%emt 0:00:01]} 2. d3 {[%emt 0:00:01]} d5 {[%emt 0:00:00]} 3. Nd2 {[%emt 0:00:00]} c5 {[%emt 0:00:01]} 4. Ngf3 {[%emt 0:00:01]} Nc6 {[%emt 0:00:00]} 5. Be2 {[%emt 0:00:01]} Nf6 {[%emt 0:00:01]} 6. c3 {[%emt 0:00:00]} dxe4 {[%emt 0:00:00]} 7. dxe4 {[%emt 0:00:01]} e5 {[%emt 0:00:01]} 8. Qc2 {[%emt 0:00:01]} Qc7 {[%emt 0:00:01]} 9. O-O {[%emt 0:00:01]} Bd6 {[%emt 0:00:01]} 10. b3 {[%emt 0:00:00]} h6 {[%emt 0:00:01]} 11. Bb2 {[%emt 0:00:00]} Bg4 {[%emt 0:00:01]} 12. Nc4 {[%emt 0:00:00]} O-O {[%emt 0:00:05]} 13. h3 {[%emt 0:00:00]} Bxf3 {[%emt 0:00:02]} 14. Bxf3 {[%emt 0:00:01]} b5 {[%emt 0:00:01]} 15. Ne3 {[%emt 0:00:01]} Rad8 {[%emt 0:00:02]} 16. Nf5 {[%emt 0:00:01]} Rfe8 {[%emt 0:00:01]} 17. Rad1 {[%emt 0:00:01]} Bf8 {[%emt 0:00:01]} 18. Qe2 {[%emt 0:00:01]} g6 {[%emt 0:00:02]} 19. Ng3 {[%emt 0:00:02]} a6 {[%emt 0:00:01]} 20. c4 {[%emt 0:00:01]} Nd4 {[%emt 0:00:02]} 21. Bxd4 {[%emt 0:00:01]} exd4 {[%emt 0:00:00]} 22. cxb5 {[%emt 0:00:00]} Qf4 {[%emt 0:00:04]} 23. bxa6 {[%emt 0:00:03]} Bd6 {[%emt 0:00:01]} 24. a4 {[%emt 0:00:04]} h5 {[%emt 0:00:01]} 25. Kh2 {[%emt 0:00:01]} h4 {[%emt 0:00:01]} 26. Rd3 {[%emt 0:00:05]} hxg3+ {[%emt 0:00:00]} 27. fxg3 {[%emt 0:00:00]} Qxg3+ {[%emt 0:00:01]} 28. Kg1 {[%emt 0:00:00]} Qh2+ {[%emt 0:00:03]} 29. Kf2 {[%emt 0:00:01]} Bg3# {[%emt 0:00:01] (Lag: Av=0.75s, max=2.1s)} 0-1

[Event "Stay Safe Play From Home 283"]
[Site "Emanuel Lasker Arena"]
[Date "2020.07.07"]
[Round "5"]
[White "Trotsky"]
[Black "SoulofWolf"]
[Result "0-1"]
[WhiteElo "1631"]
[BlackElo "2171"]
[PlyCount "40"]
[EventDate "2020.07.07"]
[EventType "swiss (blitz)"]

1. d4 {[%emt 0:00:01]} c5 {[%emt 0:00:00]} 2. e3 {[%emt 0:00:00]} e6 {[%emt 0:00:00]} 3. c4 {[%emt 0:00:01]} Nf6 {[%emt 0:00:00]} 4. Nc3 {[%emt 0:00:01]} a6 {[%emt 0:00:01]} 5. Nf3 {[%emt 0:00:01]} d5 {[%emt 0:00:01]} 6. Bd3 {[%emt 0:00:01]} Nbd7 {[%emt 0:00:01]} 7. Qc2 {[%emt 0:00:01]} Bd6 {[%emt 0:00:01]} 8. Bd2 {[%emt 0:00:01]} O-O {[%emt 0:00:01]} 9. Ng5 {[%emt 0:00:01]} h6 {[%emt 0:00:01]} 10. h4 {[%emt 0:00:01]} dxc4 {[%emt 0:00:03]} 11. Bxc4 {[%emt 0:00:02]} b5 {[%emt 0:00:01]} 12. Bd3 {[%emt 0:00:01]} c4 {[%emt 0:00:00]} 13. Bh7+ {[%emt 0:00:01]} Kh8 {[%emt 0:00:02]} 14. O-O-O {[%emt 0:00:01]} g6 {[%emt 0:00:06]} 15. Bxg6 {[%emt 0:00:02]} fxg6 {[%emt 0:00:00]} 16. Qxg6 {[%emt 0:00:01]} Qe7 {[%emt 0:00:00]} 17. Nce4 {[%emt 0:00:08]} Nxe4 {[%emt 0:00:04]} 18. Qxe4 {[%emt 0:00:05]} Nf6 {[%emt 0:00:12]} 19. Qd3 {[%emt 0:00:07]} Bb7 {[%emt 0:00:02]} 20. f3 {[%emt 0:00:02]} cxd3 {[%emt 0:00:01] Trotsky Ñäàåòñÿ (Lag: Av=0.33s, max=1.6s)} 0-1

[Event "Stay Safe Play From Home 283"]
[Site "Emanuel Lasker Arena"]
[Date "2020.07.07"]
[Round "5"]
[White "Robk"]
[Black "Haris kollari 13"]
[Result "0-1"]
[WhiteElo "1525"]
[BlackElo "1754"]
[Annotator "NA"]
[PlyCount "52"]
[EventDate "2020.07.07"]
[EventType "swiss (blitz)"]

1. e4 {[%emt 0:00:03]} e6 {[%emt 0:00:00]} 2. d4 {[%emt 0:00:02]} d5 {[%emt 0:00:00]} 3. e5 {[%emt 0:00:02]} c5 {[%emt 0:00:01]} 4. c3 {[%emt 0:00:00]} Nc6 {[%emt 0:00:01]} 5. Nf3 {[%emt 0:00:02]} Bd7 {[%emt 0:00:01]} 6. Be2 {[%emt 0:00:01]} c4 {[%emt 0:00:01]} 7. O-O {[%emt 0:00:03]} b5 {[%emt 0:00:01]} 8. b4 {[%emt 0:00:02]} a5 {[%emt 0:00:02]} 9. bxa5 {[%emt 0:00:08]} Rxa5 {[%emt 0:00:02]} 10. Nbd2 {[%emt 0:00:03]} Qa8 {[%emt 0:00:02]} 11. Qc2 {[%emt 0:00:02]} b4 {[%emt 0:00:01]} 12. cxb4 {[%emt 0:00:02]} Nxb4 {[%emt 0:00:01]} 13. Qb2 {[%emt 0:00:04]} Na6 {[%emt 0:00:05]} 14. Rd1 {[%emt 0:00:06]} Ba3 {[%emt 0:00:02]} 15. Qb1 {[%emt 0:00:04]} Bxc1 {[%emt 0:00:05]} 16. Rxc1 {[%emt 0:00:05]} Ne7 {[%emt 0:00:01]} 17. h3 {[%emt 0:00:02]} O-O {[%emt 0:00:01]} 18. Bf1 {[%emt 0:00:01]} Rb8 {[%emt 0:00:01]} 19. Qc2 {[%emt 0:00:03]} Nb4 {[%emt 0:00:01]} 20. Rcb1 {[%emt 0:00:01]} Nxc2 {[%emt 0:00:02]} 21. Rxb8+ {[%emt 0:00:01]} Qxb8 {[%emt 0:00:01]} 22. Rc1 {[%emt 0:00:01]} Rxa2 {[%emt 0:00:01]} 23. Rxc2 {[%emt 0:00:00]} Rxc2 {[%emt 0:00:01]} 24. Kh2 {[%emt 0:00:00]} Qb2 {[%emt 0:00:01]} 25. Bxc4 {[%emt 0:00:00]} dxc4 {[%emt 0:00:02]} 26. Nxc4 {[%emt 0:00:02]} Rxc4 {[%emt 0:00:01] Time (Lag: Av=0.57s, max=2.1s)} 0-1